|
|
|
|
| LEADER |
00000nbm0a2200000 4500 |
| 001 |
46223 |
| 005 |
20231031024445.0 |
| 035 |
|
|
|a (RuTPU)RU\TPU\book\48146
|
| 090 |
|
|
|a 46223
|
| 100 |
|
|
|a 20021225j20021223k y0rusy50 ca
|
| 101 |
0 |
|
|a rus
|
| 102 |
|
|
|a RU
|
| 105 |
|
|
|a a m 001zy
|
| 200 |
1 |
|
|a Радиометрический контроль сложнопрофильных изделий
|e диссертация на соискание ученой степени кандидата технических наук
|e Спец. 05.11.13
|f В. И. Солодушкин
|g Томский государственный архитектурно-строительный университет; Томский политехнический университет; науч. рук. О. И. Недавний
|
| 210 |
|
|
|a Томск
|d 2002
|
| 215 |
|
|
|a 137 л.
|c ил.
|
| 229 |
|
|
|a Защищена 23.12.2002
|
| 320 |
|
|
|a Библиогр.: с. 118-134 (153 назв.)
|
| 610 |
1 |
|
|a физика
|
| 610 |
1 |
|
|a детектирование
|
| 610 |
1 |
|
|a сложнопрофильные изделия
|
| 610 |
1 |
|
|a радиометрические методы
|
| 610 |
1 |
|
|a контроль
|
| 610 |
1 |
|
|a параметры
|
| 610 |
1 |
|
|a исследование
|
| 610 |
1 |
|
|a диссертации
|
| 675 |
|
|
|a 539.1.074(04)
|v 3
|
| 686 |
|
|
|a 05.11.13
|2 oksvnk
|
| 700 |
|
1 |
|a Солодушкин
|b В. И.
|g Владимир Иванович
|
| 702 |
|
1 |
|a Недавний
|b О. И.
|g Олег Иванович
|4 727
|
| 712 |
0 |
2 |
|a Томский государственный архитектурно-строительный университет
|2 stltpush
|3 (RuTPU)RU\TPU\col\3
|
| 712 |
0 |
2 |
|a Томский политехнический университет
|2 stltpush
|3 (RuTPU)RU\TPU\col\376
|
| 801 |
|
1 |
|a RU
|b 63413507
|c 20021225
|g PSBO
|
| 801 |
|
2 |
|a RU
|b 63413507
|c 20230628
|g PSBO
|
| 942 |
|
|
|c BK
|